<?xml version="1.0" encoding="UTF-8"?>
<record
    xmlns:xsi="http://www.w3.org/2001/XMLSchema-instance"
    xsi:schemaLocation="http://www.loc.gov/MARC21/slim http://www.loc.gov/standards/marcxml/schema/MARC21slim.xsd"
    xmlns="http://www.loc.gov/MARC21/slim">

  <leader>01737nam a2200337Ia 4500</leader>
  <controlfield tag="001">dia_3561</controlfield>
  <controlfield tag="003">CHAP</controlfield>
  <controlfield tag="005">20230608135134.0</controlfield>
  <controlfield tag="008">220117s2002    xx            000 0 und d</controlfield>
  <datafield tag="010" ind1=" " ind2=" ">
    <subfield code="a">177000</subfield>
  </datafield>
  <datafield tag="020" ind1=" " ind2=" ">
    <subfield code="a">970-654-973-0</subfield>
  </datafield>
  <datafield tag="040" ind1=" " ind2=" ">
    <subfield code="c">CHAP</subfield>
  </datafield>
  <datafield tag="082" ind1=" " ind2=" ">
    <subfield code="a">636.082 S46 2002</subfield>
  </datafield>
  <datafield tag="111" ind1=" " ind2=" ">
    <subfield code="a">Seminario Internacional en Reproduci&#xF3;n Animal y Producci&#xF3;n de Leche y Carne (2001 Marzo 15-16 : M&#xE9;xico, D. F.)</subfield>
    <subfield code="9">159904</subfield>
  </datafield>
  <datafield tag="245" ind1=" " ind2=" ">
    <subfield code="a">Memorias I Seminario Internacional en Reproducci&#xF3;n Animal y Producci&#xF3;n de Leche y Carne : ecodesarrollo de la producci&#xF3;n animal  /</subfield>
    <subfield code="c"> compilaci&#xF3;n Alejandro C&#xF3;rdova Izquierdo y Jorge Alberto Saltijeral Oaxaca ; organizado por Divisi&#xF3;n de Ciencias Biol&#xF3;gicas y de la Salud Departamento de Producci&#xF3;n Agr&#xED;cola y Animal &#xE1;rea de Investigaci&#xF3;n Ecodesarrollo de la Producci&#xF3;n Animal , 15-16 Marzo 2001 en la Sala de Seminarios de Rector&#xED;a General de la UAM, M&#xE9;xico, D. F.</subfield>
  </datafield>
  <datafield tag="260" ind1=" " ind2=" ">
    <subfield code="a">M&#xE9;xico  :</subfield>
    <subfield code="b"> UAM. Unidad Xochimilco,</subfield>
    <subfield code="c">2002</subfield>
  </datafield>
  <datafield tag="300" ind1=" " ind2=" ">
    <subfield code="a">66 p.</subfield>
  </datafield>
  <datafield tag="504" ind1=" " ind2=" ">
    <subfield code="a">Bibliograf&#xED;a: p. 64-65</subfield>
  </datafield>
  <datafield tag="590" ind1=" " ind2=" ">
    <subfield code="a">SF197 S46 2002</subfield>
  </datafield>
  <datafield tag="650" ind1=" " ind2=" ">
    <subfield code="a">Animal breeding</subfield>
    <subfield code="x">Congresses</subfield>
    <subfield code="9">159905</subfield>
  </datafield>
  <datafield tag="650" ind1=" " ind2=" ">
    <subfield code="a">Animal husbandry</subfield>
    <subfield code="x">Congresses  </subfield>
    <subfield code="9">159906</subfield>
  </datafield>
  <datafield tag="650" ind1=" " ind2=" ">
    <subfield code="a">Ganader&#xED;a</subfield>
    <subfield code="x">Congresos, conferencias, etc.  </subfield>
    <subfield code="9">159907</subfield>
  </datafield>
  <datafield tag="650" ind1=" " ind2=" ">
    <subfield code="a">Mejoramiento animal</subfield>
    <subfield code="x">Congresos, conferencias, etc.  </subfield>
    <subfield code="9">159908</subfield>
  </datafield>
  <datafield tag="700" ind1=" " ind2=" ">
    <subfield code="a">C&#xF3;rdova Izquierdo, Alejandro, comp. </subfield>
    <subfield code="9">142282</subfield>
  </datafield>
  <datafield tag="700" ind1=" " ind2=" ">
    <subfield code="a">Saltijeral Oaxaca, Jorge Alberto, comp.</subfield>
    <subfield code="9">142281</subfield>
  </datafield>
  <datafield tag="711" ind1=" " ind2=" ">
    <subfield code="a">Seminario Internacional en Reproduci&#xF3;n Animal y Producci&#xF3;n de Leche y Carne (2001 Marzo 15-16 : M&#xE9;xico, D. F.)</subfield>
    <subfield code="9">159904</subfield>
  </datafield>
  <datafield tag="901" ind1=" " ind2=" ">
    <subfield code="a">636.082 S46 2002</subfield>
  </datafield>
  <datafield tag="902" ind1=" " ind2=" ">
    <subfield code="a">M</subfield>
  </datafield>
  <datafield tag="905" ind1=" " ind2=" ">
    <subfield code="a">5232272002                          mx bmn 8223323322spa16</subfield>
  </datafield>
  <datafield tag="942" ind1=" " ind2=" ">
    <subfield code="c">LIBRO</subfield>
    <subfield code="2">ddc</subfield>
  </datafield>
  <datafield tag="999" ind1=" " ind2=" ">
    <subfield code="c">177000</subfield>
    <subfield code="d">177000</subfield>
  </datafield>
  <datafield tag="952" ind1=" " ind2=" ">
    <subfield code="0">0</subfield>
    <subfield code="1">0</subfield>
    <subfield code="2">ddc</subfield>
    <subfield code="4">0</subfield>
    <subfield code="7">0</subfield>
    <subfield code="8">GRAL</subfield>
    <subfield code="a">IA_</subfield>
    <subfield code="b">IA_</subfield>
    <subfield code="d">2022-01-18</subfield>
    <subfield code="f">1</subfield>
    <subfield code="l">1</subfield>
    <subfield code="o">636.082 S46 2002</subfield>
    <subfield code="p">dia_009919</subfield>
    <subfield code="r">2022-12-06 00:00:00</subfield>
    <subfield code="s">2022-12-06</subfield>
    <subfield code="t">3</subfield>
    <subfield code="w">2022-01-18</subfield>
    <subfield code="y">LIBRO</subfield>
  </datafield>
  <datafield tag="952" ind1=" " ind2=" ">
    <subfield code="0">0</subfield>
    <subfield code="1">0</subfield>
    <subfield code="2">ddc</subfield>
    <subfield code="4">0</subfield>
    <subfield code="7">0</subfield>
    <subfield code="8">GRAL</subfield>
    <subfield code="a">IA_</subfield>
    <subfield code="b">IA_</subfield>
    <subfield code="d">2022-01-18</subfield>
    <subfield code="f">1</subfield>
    <subfield code="l">0</subfield>
    <subfield code="o">636.082 S46 2002</subfield>
    <subfield code="p">dia_009126</subfield>
    <subfield code="r">2022-01-18 00:00:00</subfield>
    <subfield code="t">1</subfield>
    <subfield code="w">2022-01-18</subfield>
    <subfield code="y">LIBRO</subfield>
  </datafield>
  <datafield tag="952" ind1=" " ind2=" ">
    <subfield code="0">0</subfield>
    <subfield code="1">0</subfield>
    <subfield code="2">ddc</subfield>
    <subfield code="4">0</subfield>
    <subfield code="7">0</subfield>
    <subfield code="8">GRAL</subfield>
    <subfield code="a">IA_</subfield>
    <subfield code="b">IA_</subfield>
    <subfield code="d">2022-01-18</subfield>
    <subfield code="f">1</subfield>
    <subfield code="l">0</subfield>
    <subfield code="o">636.082 S46 2002</subfield>
    <subfield code="p">dia_009127</subfield>
    <subfield code="r">2022-01-18 00:00:00</subfield>
    <subfield code="t">2</subfield>
    <subfield code="w">2022-01-18</subfield>
    <subfield code="y">LIBRO</subfield>
  </datafield>
</record>
